1739 1109 1583 1470 1733 1017 1500 1167 1881 1639 1083 1072 1472 1752 1148 1269 1180 1606 1280 1059 1824 1697 1193 1302 1450 1179 1644 1275 1125 1965 1674 1160 1613 1618 1843 1906 1754 1990 1467 1020 1233 1451 1451 1993 1755 1850 1190 1283 1777 1697 1578 1284 1206 1279 1567 1591 1499 1677 1770 1527 1626 1954 1387 1620 1137 1782 1920 1046 1341 1800 1625 1708 1432 1073 1053 1726 1977 1496 1917 1527 1433 1769 1375 1479 1141 1623 1669 1890 1716 1302 1564 1448 1709 1905 1060 1678 1740 1847 1262 BCNSPRNW ULIB Ver.6.0+V

เปลี่ยนเป็นภาษาไทย

Change to English
 แสดงรายละเอียดบรรณานุกรม
  กลับหน้าหลัก

Brief Record : Get Marc (ISO 2709) : E-mail record : QR code < ปิดหน้าต่าง
LEADER : 00000nam 2200000uu 4500
001    13399121679
003     ULIB
008    121129s2552||||th 000 0 tha d
020    ^a9786110401623
060 04 ^aWS105.5^bน195ด 2552
100 0  ^aนภัทร พุกกะณะสุต
245 10 ^aเด็กพิเศษ ช่วยได้ไม่ยาก /^cนภัทร พุกกะณะสุต
250    ^aพิมพ์ครั้งที่ 1
260    ^aกรุงเทพฯ :^bนานมีบุ๊คส์พับลิเคชั่น,^c2552
300    ^a301 หน้า
650  2 ^aAutism, Infantile
650  7 ^aเด็กพิเศษ^xการดูแล
650  7 ^aเด็กสมาธิสั้น
945    ^p175^l0^i16164
995    ^aวิภา
999 ^a ใช้งานได้ทุกระบบ
รายการนี้ยังไม่มีแท็ก
คุณยังไม่ได้ล็อกอิน คุณสามารถมีกิจกรรมร่วมกับเว็บไซต์ได้ แต่ต้องล็อกอินก่อน ::
  ล็อกอิน

รายการสื่อสารสนเทศ

ลำดับที่ ประเภท เลขเรียก/บาร์โค้ด สถานที่ สถานะ
- ไม่พบข้อมูล -

รายการใกล้เคียง
    ผู้แต่ง [นภัทร พุกกะณะสุต]

    หัวเรื่อง [Autism, Infantile]
    หัวเรื่อง [เด็กสมาธิสั้น]

BibComment


ยังไม่เคยถูกคอมเมนท์

คอมเมนท์ทรัพยากรรายการนี้
  คอมเมนท์: เด็กพิเศษ ช่วยได..


 Copyright 2026. Bcnsprnw @Library